Minecraft Noob Quiz - Statistics

General Stats
  • This quiz has been taken 529 times
  • The average score is 9 of 15
Answer Stats
Question Answer % Correct
whats the first thing you do in minecraft WOOD WOOD WOOOOOD
94%
what do you need to make a bed 3 wool 3 wood planks
89%
whats next Make crafting table and tools
89%
whats next make iron armour and tools
83%
what do you do next get stone
74%
what do you need next diamonds
72%
what do you do next get coal
72%
what next get iron
72%
what next get a house
56%
what do you do next build a nether portal with obsidian
40%
what do you do after you get the thing in #10 make tools
34%
wut next bruh im bored
30%
what next sleep
28%
what next eat apples
23%
what next idaho
3%
No matching quizzes found
Score Distribution
Percent of People with Each Score
Percentile by Number Answered
Your Score History
You have not taken this quiz